| 000 | 00469nam a2200181 a 4500 | ||
|---|---|---|---|
| 001 | 22460 | ||
| 005 | 20180713220350.0 | ||
| 008 | 140415s1977 mx 000 0 spa d | ||
| 041 | _aspa | ||
| 082 |
_a808 _bALE |
||
| 100 | 1 | _aALEGRIA DE LA COLINA, MARGARITA | |
| 245 | 1 | 0 | _aEXPOSICION DE TEMAS |
| 250 | _a1a ed. | ||
| 260 |
_aMEXICO : _bEDICOL, _c1977 |
||
| 300 | _a95 | ||
| 650 | 1 | 4 |
_aCOMUNICACION _xLITERATURA |
| 700 | 1 |
_aRODRIGUEZ, TOMAS _ecoaut. |
|
| 999 |
_c22460 _d22460 |
||